L'accusatif en russe - Statistiques

Statistiques générales
  • Ce quiz a été pris 7 fois
  • Le résultat moyen est 4 sur 9
Statistiques - réponses
Hint Réponse % Correct
Accusatif masculin singulier (nom) ANIME a/ya
86%
Accusatif féminin singulier (nom) ou/ iou
71%
Accusatif pluriel ( adjectif) ye/ie
71%
Accusatif masculin pluriel (nom) ov
43%
Accusatif masculin singulier ( adjectif) ANIME ovo/evo
43%
Accusatif masculin singulier (nom) INANIME rien
43%
Accusatif féminin pluriel (nom) rien
43%
Accusatif féminin singulier ( adjectif) ouiou / iouiou
29%
Accusatif masculin singulier ( adjectif) INANIME iy/ yy
14%
Aucun quiz correspondant
Distribution des résultats
% des personnes avec chaque résultat
Percentile par nombre de réponses
Votre historique - résultats
Vous n’avez pas pris ce quiz